Statistics for Naruto Analogies

Click here to take the quiz!

General Stats

  • This quiz has been taken 235 times
  • The average score is 15 of 20

Answer Stats

HintAnswer% Correct
Sasuke is to Sakura as Naruto is to _____Hinata
98%
Jiraiya is to Naruto as _____ is to SakuraTsunade
97%
Sharingan is to Sasuke as _____ is to HinataByakugan
94%
Jonin is to Kakashi as _____ is to NarutoGenin
86%
Killer B is to eight as Gaara is to _____One
86%
Madara is to Uchiha as Hashirama is to _____Senju
84%
Two is to Tobirama as three is to _____Hiruzen
81%
Akamaru is to dog as Tonton is to _____Pig
81%
Ice is to Haku as _____ is to HashiramaWood
81%
Taijutsu is to body as _____ is to illusionaryGenjutsu
80%
Kakuzu is to Hidan as _____ is to PainKonan
80%
Hashirama is to Tsunade as Hiruzen is to _____Konohamaru
79%
Kakashi is to Kakuzu as Chiyo is to _____Sasori
77%
Orochimaru is to snake as Tsunade is to _____Slug
73%
Hokage is to fire as _____ is to waterMizukage
70%
Kubikiribocho is to Zabuza as _____ is to KisameSamehada
61%
Kurama is to Eight-Tails as _____ _____ is to Four-TailsSon Goku
59%
Itachi is to leaf as Deidara is to _____Stone
59%
Jiraiya is to women as Tsunade is to _____Gambling
51%
Sand is to wind as _____ is to lightningCloud
43%

Score Distribution

Percentile by Number Answered

Percent of People with Each Score

Your Score History

You have not taken this quiz